000
00294nam a2200121Ia 4500
008
220216s9999 xx 000 0 und d
100
_a
Raghavan K K
245
0
_a
Rubber cultivation in Orissa
260
_b
Rubber Board Bulletin
_c
2009
300
_a
27-30
700
_a
Nazeer M A
942
_c
BS
999
_c
50772
_d
50772